International Ice Hockey Rankings - Statistics

General Stats
  • This quiz has been taken 690 times
  • The average score is 36 of 50
Answer Stats
Rank Country % Correct
3 Canada
100%
2 Finland
99%
4 Russia
99%
1 Sweden
99%
6 United States
99%
11 Germany
93%
20 Great Britain
92%
8 Slovakia
91%
5 Czech Republic
89%
12 France
89%
18 Italy
89%
22 Japan
88%
9 Norway
88%
7 Switzerland
88%
10 Latvia
86%
38 China
85%
13 Denmark
84%
14 Slovenia
84%
29 Spain
84%
16 Austria
82%
15 Belarus
79%
21 Ukraine
79%
23 South Korea
78%
25 Poland
77%
28 Estonia
74%
34 Australia
72%
17 Kazakhstan
72%
26 Lithuania
72%
32 Mexico
72%
36 Belgium
71%
19 Hungary
71%
24 Netherlands
69%
30 Croatia
66%
27 Romania
66%
35 Iceland
65%
44 Greece
63%
31 Serbia
63%
40 Turkey
61%
39 Bulgaria
60%
42 Ireland
59%
37 New Zealand
58%
45 DPR Korea
54%
46 Mongolia
47%
41 South Africa
42%
43 Luxembourg
39%
48 Georgia
37%
33 Israel
36%
49 Armenia
33%
50 Thailand
27%
47 United Arab Emirates
22%
No matching quizzes found
Score Distribution
Percent of People with Each Score
Percentile by Number Answered
Your Score History
You have not taken this quiz